| 000 | 00984nam0a22002891 4500 | ||
|---|---|---|---|
| 001 | v19\rc\1634293 | ||
| 005 | 20260405124849.0 | ||
| 035 | _a(NLR Aleph) 005229179 | ||
| 090 |
_a5586736 _c5586736 |
||
| 100 | _a20061002d1902 |||y0rusy50 ca | ||
| 101 | 0 | _arus | |
| 102 | _aRU | ||
| 105 | _ay z ||||| | ||
| 200 | 1 |
_aКавказский разбойник Оглы Грабай _fСоч. С.И. Глебова (Гнедича) |
|
| 210 |
_aСанкт-Петербург _cА.А. Холмушин _d1902 |
||
| 215 |
_a95 с. _d17 |
||
| 300 | _aНа обл. авт. не указан | ||
| 517 | 0 | _aОглы Грабай | |
| 700 | 1 |
_8rus _7ca _aГлебов _bС. И. _gСергей Иванович _3RU\NLR\AUTH\7750260 _933195 |
|
| 790 | 1 | _aГнедич | |
| 801 | 0 |
_aRU _bNLR _c20061002 _gpsbo |
|
| 801 | 0 |
_aRU _bRuMoRGB _c20061002 _2psbo |
|
| 801 | 1 |
_aRU _bProSoft-M _c20061002 _2rusmarc |
|
| 801 | 2 |
_aRU _bNLR _c20070815 _2rusmarc |
|
| 852 |
_aNLR _j18.335.3.7 |
||
| 942 | _cBOOK | ||
| 980 | _aNB | ||